000 00630nam a2200229Ia 4500
005 20260320201855.0
008 008 262003s9999 xx 000 0 eng d
037 _aEBOOK
040 _aCRL
040 _beng
040 _cCRL
041 _2eng
041 _aeng
084 _qCRL
100 _aManiotis
_91136179
245 0 _aIndustrializing Financial Services with DevOps: Proven 360° DevOps operating model practices for enabling a multi-speed bank
260 _bIEEE
856 _uhttps://ieeexplore.ieee.org/servlet/opac?bknumber=10162503
942 _cEBOOK
999 _c1724024
_d1724024